00707nam a2200193 a 450000100100000000500170001000800410002704000250006808200150009310000320010824500760014026000560021630000270027249000340029983000410033304900090037495201130038399900170049600003048620200930062334.0110518s1990 dr a 000 0 spa d aDO-SdBNPbspacBNPHU axxxbS489s1 aSerulle Ramia, José9695310aSalvar el planeta :bresponsabilidad de todos. /cJosé Serulle Ramia. aSanto Domingo :bFundación Ciencia y Arte,c1990. a21 p. :bil. ;c22 cm.1 aHumanidad y Naturalezavno. 1 0aHumanidad y Naturalezanno. 1957114 aBNPD 0010718PDaPDbPDcCTd2011-05-18iLF1l0oxxx S489sp30486-10r2020-06-25w2020-06-25yLFPDZNo se presta c29978d29978